Statistiken für Ligue 1-Mannschaften

Klicken Sie hier um das Quiz zu spielen!

Allgemein

  • Dieses Quiz wurde 269 mal gespielt
    (116 seit der letzten Aktualisierung)
  • Das Durchschnittsergebnis liegt bei 11 aus 18

Antwortstatistiken

Vereine% Korrekt
Paris Saint-Germain
100%
Olympique Marseille
96%
Olympique Lyon
93%
AS Monaco
86%
Stade Rennes
75%
OGC Nizza
74%
Lille OSC
72%
FC Nantes
64%
Racing Straßburg
63%
FC Toulouse
60%
RC Lens
60%
Stade Brest
53%
Montpellier HSC
51%
Stade Reims
43%
FC Metz
42%
Le Havre AC
42%
FC Lorient
35%
Clermont Foot
31%

Verteilung der Resultate

Perzentil nach korrekt beantworteten Fragen

Anzahl Personen mit jedem Resultat

Ihre Resultats-Entwicklung

Sie haben dieses Quiz seit der letzten Aktualisierung nicht gespielt